Business process outsourcing process, strategies, and contracts

Salvato in:
Dettagli Bibliografici
Autore principale: Halvey, John K.
Altri autori: Melby, Barbara M.
Natura: Libro
Lingua:inglese
Pubblicazione: Hoboken John Wiley & Sons 2007
Edizione:2nd ed.
Soggetti:
Tags: Aggiungi Tag
Nessun Tag, puoi essere il primo ad aggiungerne!!

MARC

LEADER 00000nam a2200000 4500
001 0143079
005 20240306135551.7
020 |a 978-0-470-04483-4 
041 0 |a eng 
044 |a US 
245 1 0 |a Business process outsourcing  |b process, strategies, and contracts  |c John K. Halvey, Barbara M. Melby 
250 |a 2nd ed. 
264 1 |a Hoboken  |b John Wiley & Sons  |c 2007 
300 |a 584 s. 
610 2 0 |a podnikanie 
610 2 0 |a outsourcing 
610 2 0 |a zmluvy 
610 2 0 |a zákazky 
100 1 |a Halvey, John K. 
700 1 |a Melby, Barbara M.